000 00375pam a2200157a 44500
008 230515b1999 xxu||||| |||| 00| 0 eng d
020 _aNULL
041 _aENGLISH
082 _a610.73
100 _aJANCE E HITCHCOCK & P.E.SCHUBERT
245 _aCOMMUNITY HEALTH NURSING
250 _a0
260 _a
_bDELMAR THOMSON LEARNING
_c1999
300 _a922
650 _aNULL
999 _c525769
_d525769